| 000 | 00533nam a2200169 a 4500 | ||
|---|---|---|---|
| 001 | 000046869 | ||
| 005 | 20201002053154.0 | ||
| 008 | 180404s2016 dr a 000 spa d | ||
| 020 | _a9789945167443 | ||
| 040 |
_aDO-SdBNP _bspa _cBNPHU |
||
| 082 |
_axxx _bR239 |
||
| 100 | 1 |
_aRauber, Isabel _953755 |
|
| 245 | 0 |
_aGuadalupe Valdez :. : _bdiputada del pueblo, apuntes de una diputación participativa / _cIsabel Rauber. |
|
| 260 |
_aSanto Domingo : _bBúho, _c2016. |
||
| 300 |
_a207 p. : _bil ; _c24 cm. |
||
| 590 | _aInventariado, 2018/DG | ||
| 999 |
_c46358 _d46358 |
||